000 00408cam a2200169ua 4500
001 5999
008 131030n ii |||gr||||Z||||||eng
040 _cMAIN
082 _a909
100 1 _aBarooah,Debo Prasad,
_eAuthor.
245 1 1 _aWorld History
_cby Debo Prasad Barooah
250 _a2nd rev. ed.
260 _aAssam:
_bBani Prakash,
_c1966.
300 _a236p.
653 _aWorld history
942 _cBK
999 _c5153
_d5153